Reviewer in auditing practice / (Record no. 276692)
[ view plain ]
| 000 -LEADER | |
|---|---|
| fixed length control field | 00566nam a2200181 4500 |
| 001 - CONTROL NUMBER | |
| control field | ocn9719039027 |
| 005 - DATE AND TIME OF LATEST TRANSACTION | |
| control field | 20141028101226.0 |
| 008 - FIXED-LENGTH DATA ELEMENTS--GENERAL INFORMATION | |
| fixed length control field | 990628s1996 xx eng |
| 020 ## - INTERNATIONAL STANDARD BOOK NUMBER | |
| International Standard Book Number | 9719039027 |
| 050 00 - LIBRARY OF CONGRESS CALL NUMBER | |
| Classification number | HF5667 |
| Item number | .S26 1996 |
| 100 1# - MAIN ENTRY--PERSONAL NAME | |
| Personal name | Santos, Petronilo S. |
| 245 10 - TITLE STATEMENT | |
| Title | Reviewer in auditing practice / |
| Statement of responsibility, etc | Petronilo S. Santos, Gerardo S. Roque. |
| 260 ## - PUBLICATION, DISTRIBUTION, ETC. (IMPRINT) | |
| Place of publication, distribution, etc | Malabon, Philippines : |
| Name of publisher, distributor, etc | P. S. Santos, |
| Date of publication, distribution, etc | c1996. |
| 300 ## - PHYSICAL DESCRIPTION | |
| Extent | 462 pages ; |
| Dimensions | 22 cm. |
| 650 #0 - SUBJECT ADDED ENTRY--TOPICAL TERM | |
| Topical term or geographic name as entry element | Auditing |
| Form subdivision | Examinations |
| -- | Study guides. |
| 700 1# - ADDED ENTRY--PERSONAL NAME | |
| Personal name | Roque, Gerardo S. |
| 942 ## - ADDED ENTRY ELEMENTS (KOHA) | |
| Source of classification or shelving scheme | Library of Congress Classification |
| Koha item type | Books |
| Call number prefix | Filipininana |
| Withdrawn status | Lost status | Source of classification or shelving scheme | Damaged status | Home library | Current library | Shelving location | Date acquired | Total Checkouts | Full call number | Barcode | Date last seen | Date checked out | Price effective from | Koha item type |
|---|---|---|---|---|---|---|---|---|---|---|---|---|---|---|
| Library of Congress Classification | College Library | College Library | General Circulation Section | 10/28/2014 | 2 | HF 5681 .Sa237 1996 | C2035 | 05/15/2018 | 06/22/2015 | 10/28/2014 | Books |